UBT Library

Sister Wendy's grand tour : (Record no. 44860)

000 -LEADER
fixed length control field 00721cam a2200253 a 4500
001 - CONTROL NUMBER
control field 4001284
005 - DATE AND TIME OF LATEST TRANSACTION
control field 20180313053550.0
008 - FIXED-LENGTH DATA ELEMENTS--GENERAL INFORMATION
fixed length control field 960823t19961994nyuac 001 0 eng d
010 ## - LIBRARY OF CONGRESS CONTROL NUMBER
LC control number 96069110
020 ## - INTERNATIONAL STANDARD BOOK NUMBER
International Standard Book Number 1556705093
035 ## - SYSTEM CONTROL NUMBER
System control number (OCoLC)35669330
040 ## - CATALOGING SOURCE
Original cataloging agency IStw
Transcribing agency IStw
Modifying agency NBuBE
-- NjLakG
-- DLC
041 ## - LANGUAGE CODE
Language code of text/sound track or separate title eng
042 ## - AUTHENTICATION CODE
Authentication code lccopycat
043 ## - GEOGRAPHIC AREA CODE
Geographic area code e------
080 ## - UNIVERSAL DECIMAL CLASSIFICATION NUMBER
Universal Decimal Classification number 759.94 wen
082 00 - DEWEY DECIMAL CLASSIFICATION NUMBER
Classification number 759.94 wen
Edition number 21
100 1# - Rafti
Rafti 43
101 ## - Shkurtesa
Shkurtesa art
245 10 - TITLE STATEMENT
Title Sister Wendy's grand tour :
Statement of responsibility, etc Wendy Beckett.
906 ## - LOCAL DATA ELEMENT F, LDF (RLIN)
a 7
b cbc
c copycat
d 2
e opcn
f 19
g y-gencatlg
942 ## - ADDED ENTRY ELEMENTS (KOHA)
Source of classification or shelving scheme
Item type Books
Holdings
Withdrawn status Lost status Source of classification or shelving scheme Damaged status Not for loan Collection code Permanent location Current location Shelving location Date acquired Total Checkouts Full call number Barcode Date last seen Price effective from Koha item type
          Koleksioni i përgjithshem UBT - Lipjan UBT - Lipjan Koleksioni i përgjithshem 03/13/2018   759.94 wen 002-3002068 03/13/2018 03/13/2018 Books
UBT Library © 2015-2024. All rights reserved University Education for Business and Technology